000 00272nam a22001337a 4500
003 SGT
020 _a9789351340072
082 _a346
_bMAT
100 _aMATHUR SATISH R
245 _aBUSINESS LAW
260 _bMC GRAW HILL
_c2015
300 _a837
942 _2ddc
_cBK
_04
999 _c16281
_d16281